The call of the snowy Hispar: A narrative of exploration and mountaineering on the northern frontier of India
Αποθηκεύτηκε σε:
| Κύριοι συγγραφείς: | , |
|---|---|
| Μορφή: | Βιβλίο |
| Γλώσσα: | Αγγλικά |
| Έκδοση: |
Londres
Constable and Company Ltd
1910
|
| Έκδοση: | 1a. ed |
| Θέματα: | |
| Ετικέτες: |
Προσθήκη ετικέτας
Δεν υπάρχουν, Καταχωρήστε ετικέτα πρώτοι!
|
MARC
| LEADER | 00000nam a2200000 a 4500 | ||
|---|---|---|---|
| 001 | UCJ4932 | ||
| 003 | CL-VaPUC | ||
| 008 | 070124e19100000UK |||||||||||||||||eng|d | ||
| 082 | 0 | 4 | |a 910.4 |b WOR |2 21 |
| 100 | 0 | |a Workman, William Hunter |e author |9 509492 | |
| 700 | 0 | |a Workman, Fanny Bullock |e author |9 509493 | |
| 245 | 1 | 4 | |a The call of the snowy Hispar: A narrative of exploration and mountaineering on the northern frontier of India |
| 250 | |a 1a. ed | ||
| 300 | |a xvi, 288 p | ||
| 942 | |c BK | ||
| 945 | |d 20070124 00:00:00 |a rinostro | ||
| 260 | |a Londres |b Constable and Company Ltd |c 1910 | ||
| 500 | |a p. 4, retrato de los autores; mapas e ilustraciones conforme a lo señalado en el índice | ||
| 650 | 0 | |a Viajes |9 257115 | |
| 650 | 7 | |a MONTAÑISMO |2 CL-VaPUC |9 384709 | |
| 650 | 7 | |a GLACIARES |2 CL-VaPUC |9 330909 | |
| 650 | 0 | |a Cultura |9 269059 | |
| 650 | 0 | |a Iconografía |9 267998 | |
| 650 | 0 | |a Ilustraciones |9 369481 | |
| 650 | 0 | |a Mapas |9 260844 | |
| 651 | 7 | |a HIMALAYAS |2 CL-VaPUC |9 509494 | |
| 583 | |a last modification |c 20070124 00:00:00 |k Rodrigo Vera | ||
| 999 | |c 321047 |d 321045 | ||
| 952 | |0 0 |1 0 |4 0 |6 910_400000000000000_WOR_1910 |7 0 |8 X |9 399705 |a FDOBUD |b FDOBUD |d 2019-11-22 |i 1027646 |o 910.4 WOR 1910 |p 1027646 |r 2019-11-22 |w 2019-11-22 |y BK_X |k BUD | ||